|
|
|
|
| LEADER |
00000nab a2200000 a 4500 |
| 001 |
vtls008691174 |
| 003 |
SK-MaSNL |
| 005 |
20260304140119.0 |
| 008 |
250505c2006 xo mr|p|||||||000 b|slo |
| 015 |
|
|
|a SNBRB2006/04
|2 snkbucl
|
| 035 |
|
|
|a (uuid)ab2b0b38-4f25-482b-94c0-3ca0a0d16bbc
|
| 035 |
|
|
|a urn:nbn:sk:snk-abbztz
|
| 035 |
|
|
|a (urnnbn)urn:nbn:sk:snk:ar-000obc
|
| 038 |
|
|
|a SNKBUCL
|
| 040 |
|
|
|a SNKBUCL
|b slo
|c SNKBUCL
|e AACR2
|
| 041 |
0 |
|
|a slo
|
| 044 |
|
|
|a xo
|c SK
|
| 080 |
|
|
|a 091
|x (091)
|2 1997
|
| 100 |
1 |
|
|a Komorová, Klára,
|d 1949-
|4 aut
|9 102797
|
| 245 |
1 |
0 |
|a Vzácne rukopisné pamiatky
|c Klára Komorová, Helena Saktorová
|
| 630 |
0 |
7 |
|a Bratislavský antifonár
|n III.
|2 snkbucl
|9 1456171
|
| 650 |
0 |
7 |
|a rukopisy
|2 snkbucl
|9 1788
|
| 650 |
0 |
7 |
|a kódexy
|2 snkbucl
|9 1787
|
| 700 |
1 |
|
|a Saktorová, Helena,
|d 1953-
|4 aut
|9 102798
|
| 773 |
0 |
|
|t Knižnica
|g Roč. 7, č. 1 (2006), s. 29
|x 1335-7026
|
| 850 |
|
|
|a Slovenská národná knižnica
|
| 852 |
|
|
|a Slovenská národná knižnica
|
| 856 |
4 |
1 |
|u http://www.snk.sk/images/snk/casopis_kniznica/2006/januar/29.pdf
|
| 954 |
|
|
|a odborná, vedecká literatúra pôvodná (slovenská)
|2 lita
|
| 958 |
|
|
|a article15
|
| 958 |
|
|
|a OND
|
| 958 |
|
|
|a KL
|
| 958 |
|
|
|a EUIPO
|
| 999 |
|
|
|c 2913709
|d 2915639
|